Random Cities on Asia Map - Statistics

General Stats
  • This quiz has been taken 512 times
  • The average score is 12 of 20
Answers on the Map
Answers color-coded by a green-red scale on the quiz's map according to % correct below.
 
Answer Stats
Asian City % Correct
Abu Dhabi
100%
Almaty
100%
Astana
100%
Baghdad
100%
Baku
100%
Beijing
100%
Busan
100%
Chengdu
100%
Chennai
100%
Colombo
100%
Delhi
100%
Dhaka
100%
Hanoi
100%
Harbin
100%
Islamabad
100%
Istanbul
100%
Kabul
100%
Karachi
100%
Kathmandu
100%
Kolkata
100%
Konya
100%
Lahore
100%
Manama
100%
Mecca
100%
Medina
100%
Muscat
100%
Nicosia
100%
Osaka
100%
Phnom Penh
100%
Pyongyang
100%
Sana'a
100%
Seoul
100%
Shanghai
100%
Singapore
100%
Surabaya
100%
Taipei
100%
Thimphu
100%
Tokyo
100%
Ulaanbaatar
100%
Wuhan
100%
Xi'an
100%
Yerevan
100%
Lhasa
91%
Mashhad
88%
Tehran
88%
Vladivostok
88%
Ashgabat
86%
Bangkok
86%
Damascus
86%
Doha
86%
Jakarta
86%
Jeddah
86%
Tbilisi
86%
Kuwait City
85%
Antalya
83%
Dubai
83%
Ho Chi Minh City
83%
Isfahan
83%
Novosibirsk
83%
Samarkand
83%
Sapporo
83%
Tel Aviv
83%
Ahmedabad
80%
Bengaluru
80%
Bishkek
80%
Dili
80%
Aleppo
78%
Ankara
78%
Aden
75%
Cebu
75%
Chongqing
75%
Dushanbe
75%
Hiroshima
75%
Kuala Lumpur
75%
Malé
75%
Mosul
75%
Naha
75%
Tashkent
75%
Ürümqi
75%
Fuzhou
71%
Izmir
71%
Nagoya
71%
Nagpur
71%
Beirut
70%
Naypyidaw
70%
Amman
67%
Chiang Mai
67%
Chittagong
67%
Dalian
67%
Fukuoka
67%
Hong Kong
67%
Kaohsiung
67%
Nanchang
67%
Yangon
67%
Davao
60%
Denpasar
60%
Guangzhou
60%
Indore
60%
Omsk
60%
Phuket
60%
Shenyang
60%
Shenzhen
60%
Siem Reap
60%
Tianjin
60%
Yakutsk
60%
Daegu
57%
Danang
57%
Haikou
57%
Manila
57%
Taichung
57%
Basra
56%
Hyderabad
56%
Hyderabad
56%
Bandar Seri Begawan
55%
Bursa
50%
Changsha
50%
Faisalabad
50%
George Town
50%
Guilin
50%
Gujranwala
50%
Hefei
50%
Jeju
50%
Kunming
50%
Mumbai
50%
Shantou
50%
Shiraz
50%
Taiyuan
50%
Vientiane
50%
Lucknow
44%
Hangzhou
43%
Mandalay
43%
Srinagar
43%
Tabriz
43%
Wenzhou
43%
Surat
42%
Changchun
40%
Gaziantep
40%
Hohhot
40%
Nanning
40%
Niigata
40%
Patna
40%
Pune
40%
Nanjing
38%
Ningbo
38%
Sendai
38%
Xiamen
38%
Yogyakarta
38%
Jinan
36%
Gwangju
33%
Jaipur
33%
Kandahar
33%
Multan
33%
Pattaya
33%
Qingdao
33%
Shijiazhuang
33%
Bhilai
30%
Bandung
29%
Can Tho
29%
Makassar
29%
Sanya
29%
Sochi
29%
Chelyabinsk
27%
Xining
25%
Yekaterinburg
25%
Hamhung
20%
Homs
20%
Kumamoto
20%
Visakhapatnam
20%
Xuzhou
20%
Balikpapan
17%
Coimbatore
17%
Haiphong
17%
Khabarovsk
17%
Krasnoyarsk
17%
Medan
17%
Zhengzhou
17%
Chita
14%
Guwahati
14%
Jaffna
14%
Yinchuan
14%
Kuching
11%
Adana
0%
Banda Aceh
0%
Chandigarh
0%
Dammam
0%
Erbil
0%
Guiyang
0%
Irkutsk
0%
Kashgar
0%
Kochi
0%
Kota Kinabalu
0%
Lanzhou
0%
Luang Prabang
0%
Malacca
0%
Palembang
0%
Petropavlovsk-Kamchatskiy
0%
Salalah
0%
Sharm El-Sheikh
0%
Vinh
0%
Yantai
0%
No matching quizzes found
Score Distribution
Percent of People with Each Score
Percentile by Number Answered
Your Score History
You have not taken this quiz